Right to education : (Record no. 97678)

MARC details
000 -LEADER
fixed length control field 00706nam a22002057a 4500
005 - DATE AND TIME OF LATEST TRANSACTION
control field 20151119153350.0
010 ## - LCCN (DPL NO)
LC control number ENG-114232
020 ## - INTERNATIONAL STANDARD BOOK NUMBER
International Standard Book Number 978186772546
Terms of availability 795.00
035 ## - SYSTEM CONTROL NUMBER
System control number EN-97764
037 ## - SOURCE OF ACQUISITION
Source of stock number/acquisition DBAD/PUB
082 ## - DEWEY DECIMAL CLASSIFICATION NUMBER
Classification number 379.260954
245 ## - TITLE STATEMENT
Title Right to education :
Statement of responsibility, etc edited by Chandan Roy [and] Jiten Barman
Remainder of title an accelerated of social tranformation and economic development /
260 ## - PUBLICATION, DISTRIBUTION, ETC. (IMPRINT)
Place of publication, distribution, etc New Delhi
Name of publisher, distributor, etc New Academic Publishers
Date of publication, distribution, etc 2013
270 ## - ADDRESS
Address 4760-61/23, Ansari Road Daryaganj
City New Delhi
Postal code 110002
300 ## - PHYSICAL DESCRIPTION
Extent xvi,175p.
Dimensions 22cm(Hb)
500 ## - GENERAL NOTE
General note Includes bibliographical references
700 ## - ADDED ENTRY--PERSONAL NAME
Personal name Roy, Chandan
700 ## - ADDED ENTRY--PERSONAL NAME
Personal name Barman, Jiten
942 ## - ADDED ENTRY ELEMENTS (KOHA)
Source of classification or shelving scheme Dewey Decimal Classification
Item type English Books
Call number suffix RIG
Classification part 379.260954
Holdings
Withdrawn status Lost status Not for loan Collection code Home library Current library Date acquired Source of acquisition Cost, normal purchase price Full call number Barcode Copy number Cost, replacement price Koha item type
    Not For Loan Non-fiction D.B.Act.Division D.B.Act.Division 07/10/2015 DBAD/PUB 795.00 379.260954 RIG EN-97764 1 795.00 English Books

© Delhi Public Library
Hit Counter
free hit counter